| 000 | 00938nam a2200229 a 4500 | ||
|---|---|---|---|
| 001 | 000005850 | ||
| 005 | 20240301141933.0 | ||
| 008 | 090824s1997 dr 000 0 spa d | ||
| 040 |
_aDO-SdBNP _bspa _cBNPHU |
||
| 082 |
_a344.7293046 _bJ61d |
||
| 100 | 1 |
_aJiménez Peña, Radhamés, _d1961- _916509 |
|
| 245 | 1 | 0 |
_aDerecho ambiental y delito ecológico en la República Dominicana / _cRadhamés Jiménez Peña ; prólogo Mariano Germán Mejía. |
| 260 |
_aSanto Domingo : _bAlfa & Omega, _c1997. |
||
| 300 |
_a251 p. ; _c21 cm. |
||
| 500 | _aIncluye referencias bibliográficas y notas al pie de las páginas | ||
| 504 | _aBibliografía: p. 239-246 | ||
| 590 | _aInventariado, 2018/VM | ||
| 650 | 4 |
_aDerecho ambiental _zRepública Dominicana _99697 |
|
| 650 | 4 |
_aDelitos ecológicos _zRepública Dominicana _916510 |
|
| 700 | 1 |
_aGermán M., Mariano, _d1946- _q(Germán Mejía) _epról. _99311 |
|
| 910 | _aValidado. Control de calidad MMOLINA | ||
| 999 |
_c5646 _d5646 |
||